[Event "World Blitz 2023"]
[Site "Samarkand UZB"]
[Date "2023.12.29"]
[EventDate "2023.12.29"]
[Round "1.71"]
[Result "1-0"]
[White "Mahammad Muradli"]
[Black "Asrorjon Omonov"]
[WhiteElo "2551"]
[BlackElo "2069"]
[PlyCount "74"]

1. d4 Nf6 2. c4 e6 3. Nf3 b6 4. g3 Ba6 5. b3 b5 6. cxb5 Bxb5 7. Bg2 Bc6 8.
O-O h6 9. Nbd2 Bb4 10. Bb2 O-O 11. Nc4 a5 12. a3 Be7 13. Rc1 Ra7 14. Qe1
Bd5 15. Nxa5 c5 16. Nc4 cxd4 17. Bxd4 Rb7 18. b4 Nc6 19. Bb2 Qb8 20. Ne3
Be4 21. Qd2 Rc8 22. Rfd1 d5 23. Nd4 Nxd4 24. Qxd4 Bxg2 25. Kxg2 Rd8 26. Rc2
e5 27. Qxe5 Qa8 28. Nf5 Re8 29. Qd4 Rd7 30. Rdc1 Bd8 31. Rc8 Qa6 32. e3 Qe6
33. Qf4 Qb6 34. R1c6 Qb7 35. Nd6 Rxd6 36. Qxd6 d4 37. Rxd8 1-0

[Event "World Blitz 2023"]
[Site "Samarkand UZB"]
[Date "2023.12.29"]
[EventDate "2023.12.29"]
[Round "1.72"]
[Result "0-1"]
[White "Jaloliddin Ilkhomi"]
[Black "Surya Shekhar Ganguly"]
[WhiteElo "2054"]
[BlackElo "2549"]
[PlyCount "52"]

1. Nf3 Nf6 2. c4 c5 3. g3 d5 4. cxd5 Nxd5 5. Bg2 Nc6 6. Nc3 Nc7 7. d3 e5 8.
b3 Be7 9. Bb2 Be6 10. Rc1 f6 11. O-O Rc8 12. Ne4 b6 13. Ned2 Nd5 14. a3 O-O
15. Qc2 Qd7 16. Rfd1 Nd4 17. Nxd4 cxd4 18. Qb1 a5 19. Rxc8 Rxc8 20. Rc1 b5
21. Rc2 Nc3 22. Bxc3 dxc3 23. Ne4 b4 24. axb4 axb4 25. f3 f5 26. Nf2 Bc5
0-1

[Event "World Blitz 2023"]
[Site "Samarkand UZB"]
[Date "2023.12.29"]
[EventDate "2023.12.29"]
[Round "1.73"]
[Result "1-0"]
[White "Pavel Ponkratov"]
[Black "Sergey Sklokin"]
[WhiteElo "2547"]
[BlackElo "1995"]
[PlyCount "88"]

1. Nf3 Nf6 2. c4 e6 3. g3 d5 4. cxd5 exd5 5. Bg2 c5 6. d4 Nc6 7. O-O Be7 8.
dxc5 Bxc5 9. a3 O-O 10. b4 Bb6 11. Bb2 Be6 12. Nbd2 Qe7 13. Nb3 Rfd8 14.
Nfd4 Rac8 15. Rc1 Nxd4 16. Nxd4 Rxc1 17. Qxc1 Rc8 18. Qa1 a6 19. e3 Ne8 20.
Nxe6 fxe6 21. e4 dxe4 22. Bxe4 Nd6 23. Bd3 Qf7 24. Qd1 Nf5 25. Be4 Rd8 26.
Qf3 Nd6 27. Qxf7+ Kxf7 28. Bd3 Nb5 29. Rd1 h6 30. Kg2 Nd4 31. Be4 Nc6 32.
Rxd8 Bxd8 33. Bc3 Bf6 34. Bd2 Ke7 35. h4 Bd4 36. g4 Kd6 37. f4 b5 38. Bc1
Ne7 39. Kf3 Nd5 40. g5 Nc3 41. Bb7 Kc7 42. Bxa6 Kd6 43. h5 hxg5 44. fxg5
Kd5 1-0

[Event "World Blitz 2023"]
[Site "Samarkand UZB"]
[Date "2023.12.29"]
[EventDate "2023.12.29"]
[Round "1.74"]
[Result "1/2-1/2"]
[White "Bakhrom Bakhrillaev"]
[Black "Anton Demchenko"]
[WhiteElo "1994"]
[BlackElo "2545"]
[PlyCount "158"]

1. d4 Nf6 2. c4 d6 3. Nc3 e5 4. d5 Bf5 5. g3 Nbd7 6. Bg2 e4 7. b3 Be7 8.
Nh3 O-O 9. O-O Re8 10. Bb2 Bf8 11. Qd2 e3 12. fxe3 Bxh3 13. Bxh3 Nc5 14.
Nb5 Nce4 15. Qc2 a6 16. Nd4 g6 17. Rad1 Bh6 18. Bc1 Qe7 19. Bg2 Ng4 20. Rf4
Bxf4 21. exf4 Nc5 22. e4 Nxe4 23. Re1 f5 24. Bxe4 fxe4 25. Ne6 Qf7 26. Bb2
h6 27. Qc3 Kh7 28. h3 Nf6 29. Qxf6 Qxf6 30. Bxf6 Rac8 31. Rxe4 c6 32. dxc6
bxc6 33. Re2 Kg8 34. Bb2 c5 35. g4 Kf7 36. f5 gxf5 37. gxf5 Rg8+ 38. Rg2
Rxg2+ 39. Kxg2 a5 40. Kf3 a4 41. bxa4 Ra8 42. Ke4 Rxa4 43. Kd5 Rxa2 44. Bg7
Rd2+ 45. Kc6 Rf2 46. Kxd6 Rxf5 47. Bc3 Rf3 48. Ba5 Rxh3 49. Nxc5 Rf3 50.
Ne4 Kg6 51. c5 Rd3+ 52. Ke5 Ra3 53. Bd2 Ra6 54. Kd5 h5 55. c6 h4 56. c7 Ra8
57. Kd6 Kf5 58. Nf2 Rg8 59. Kd7 Ke5 60. c8=Q Rxc8 61. Kxc8 Kd4 62. Kd7 Ke5
63. Kc6 Kd4 64. Kd6 Kc4 65. Ke5 Kb3 66. Kf4 Kc2 67. Be3 Kc3 68. Kg4 Kc4 69.
Kxh4 Kd5 70. Kg5 Ke5 71. Kg4 Kd5 72. Kf5 Kc4 73. Ke5 Kb5 74. Kd5 Kb4 75.
Ne4 Kb5 76. Bc5 Ka6 77. Kc6 Ka5 78. Nc3 Ka6 79. Kc7 Ka5 1/2-1/2

[Event "World Blitz 2023"]
[Site "Samarkand UZB"]
[Date "2023.12.29"]
[EventDate "2023.12.29"]
[Round "1.75"]
[Result "1-0"]
[White "Evgeniy Najer"]
[Black "Nikolay Tregubenko"]
[WhiteElo "2545"]
[BlackElo "1955"]
[PlyCount "74"]

1. e4 c5 2. Nc3 d6 3. Nf3 Nf6 4. d4 cxd4 5. Nxd4 a6 6. Be3 e5 7. Nb3 Be7 8.
f3 Be6 9. Qd2 O-O 10. Be2 d5 11. exd5 Nxd5 12. Nxd5 Qxd5 13. Qxd5 Bxd5 14.
O-O-O Be6 15. Na5 Bxa2 16. Nxb7 Be6 17. Bc5 Nc6 18. Bxe7 Nxe7 19. Rd6 a5
20. Nc5 Bf5 21. g4 Bg6 22. Rhd1 h6 23. Bd3 Rfc8 24. Nd7 Bxd3 25. R1xd3 f6
26. Nb6 Kf7 27. Rd7 a4 28. Nxc8 Rxc8 29. Ra7 Ke6 30. Rxa4 Ng6 31. Ra6+ Ke7
32. Ra7+ Ke6 33. Rxg7 Nf4 34. Rd1 Ne2+ 35. Kb1 Nd4 36. Rb7 Nxc2 37. Rc1 Kd5
1-0

[Event "World Blitz 2023"]
[Site "Samarkand UZB"]
[Date "2023.12.29"]
[EventDate "2023.12.29"]
[Round "1.76"]
[Result "0-1"]
[White "David Bogdan"]
[Black "Velimir Ivic"]
[WhiteElo "1880"]
[BlackElo "2542"]
[PlyCount "82"]

1. e4 c5 2. Nf3 Nc6 3. d4 cxd4 4. Nxd4 g6 5. c4 Bg7 6. Be3 d6 7. Nc3 Qb6 8.
Nb3 Bxc3+ 9. bxc3 Qc7 10. c5 dxc5 11. Bxc5 Nf6 12. f3 O-O 13. Be2 Rd8 14.
Qc1 b6 15. Be3 Ne5 16. O-O Be6 17. Nd4 Bc4 18. Qe1 Bxe2 19. Nxe2 Rac8 20.
Bd4 Nc6 21. Qg3 Qxg3 22. hxg3 e5 23. Bf2 Rd3 24. Rfd1 Rcd8 25. Rxd3 Rxd3
26. Kf1 Ne8 27. c4 Nc7 28. c5 b5 29. Ke1 Nb4 30. Nc1 Rd7 31. Rb1 Nc6 32.
Rb2 Kf8 33. Rd2 Ke7 34. Rxd7+ Kxd7 35. Kd2 f5 36. Nd3 a5 37. exf5 gxf5 38.
f4 e4 39. Nc1 Ke6 40. Nb3 Kd5 41. a3 0-1

[Event "World Blitz 2023"]
[Site "Samarkand UZB"]
[Date "2023.12.29"]
[EventDate "2023.12.29"]
[Round "1.77"]
[Result "1-0"]
[White "Johan-Sebastian Christiansen"]
[Black "Timur Yonal"]
[WhiteElo "2541"]
[BlackElo "1862"]
[PlyCount "60"]

1. e4 c5 2. Nf3 d6 3. Nc3 Nf6 4. e5 dxe5 5. Nxe5 e6 6. Bb5+ Nbd7 7. d4 cxd4
8. Qxd4 Be7 9. Bg5 O-O 10. Nxd7 Nxd7 11. Bxe7 Qxe7 12. O-O-O Nf6 13. Rhe1
a6 14. Bd3 b5 15. Qh4 h6 16. Re3 Bb7 17. Rg3 Kh8 18. Re1 Nd5 19. Qg4 Qf6
20. Rf3 Qe7 21. Nxd5 Bxd5 22. Rh3 b4 23. Qd4 Kg8 24. Qxd5 Rfd8 25. Qe4 g6
26. Rxh6 Kg7 27. Rh3 Qg5+ 28. Qe3 Qa5 29. Qe5+ Qxe5 30. Rxe5 1-0

[Event "World Blitz 2023"]
[Site "Samarkand UZB"]
[Date "2023.12.29"]
[EventDate "2023.12.29"]
[Round "1.78"]
[Result "0-1"]
[White "Danis Kuandykuly"]
[Black "Rudik Makarian"]
[WhiteElo "1718"]
[BlackElo "2540"]
[PlyCount "106"]

1. e4 c5 2. Nf3 d6 3. d4 cxd4 4. Nxd4 Nf6 5. Nc3 Nc6 6. Bg5 Bd7 7. Qd2 h6
8. Bh4 Nxd4 9. Qxd4 g5 10. Bg3 Bg7 11. O-O-O Nh5 12. Qd2 Qa5 13. Kb1 Bxc3
14. Qxc3 Qxc3 15. bxc3 Rc8 16. Kb2 Be6 17. Be2 Nxg3 18. hxg3 Rc5 19. f4 f6
20. Bh5+ Kf8 21. Bf3 Kg7 22. Rd3 Rb5+ 23. Kc1 Bxa2 24. Kd2 Be6 25. Ra1 a6
26. Be2 Bc4 27. Re3 Bxe2 28. Kxe2 h5 29. Kd2 h4 30. Rf1 h3 31. gxh3 Rxh3
32. Ref3 Rh2+ 33. Kd3 Kg6 34. c4 Rb2 35. Rc1 Ra2 36. Rb1 Rhxc2 37. Rxb7
Rcb2 38. Rxb2 Rxb2 39. Kc3 Ra2 40. Kd4 Rd2+ 41. Kc3 Rd1 42. Kb4 Re1 43. e5
dxe5 44. fxe5 Rxe5 45. c5 Kf7 46. Rc3 Ke8 47. Ka5 Kd7 48. Kb6 Re1 49. Ka7
Kc6 50. Rc2 e5 51. Kb8 e4 52. Kc8 f5 53. Kd8 f4 0-1

[Event "World Blitz 2023"]
[Site "Samarkand UZB"]
[Date "2023.12.29"]
[EventDate "2023.12.29"]
[Round "1.79"]
[Result "1-0"]
[White "Vladislav Kovalev"]
[Black "Abdumajid Botiraliev"]
[WhiteElo "2539"]
[BlackElo "1515"]
[PlyCount "106"]

1. e4 e5 2. Nf3 Nc6 3. Bb5 a6 4. Ba4 Nf6 5. O-O Be7 6. d3 d6 7. c3 O-O 8.
Nbd2 b5 9. Bc2 Bb7 10. Re1 Re8 11. Nf1 Bf8 12. Bg5 Nb8 13. Ng3 g6 14. Qd2
Bg7 15. h3 Nbd7 16. d4 c5 17. d5 Qc7 18. Nh2 c4 19. Ng4 Nxg4 20. hxg4 Nc5
21. f3 a5 22. a3 Qb6 23. Be3 Qc7 24. Kf2 f6 25. Rh1 Bh8 26. Rh3 Re7 27.
Rah1 Rf8 28. Qe2 Bc8 29. Rh4 b4 30. axb4 axb4 31. Qxc4 b3 32. Bb1 Ba6 33.
Qb4 Rb8 34. Qa3 Nd3+ 35. Bxd3 Bxd3 36. Ra1 Rf7 37. Rhh1 Bc2 38. Qa5 Qc4 39.
Qa6 Qc7 40. Ra4 Bg7 41. Rha1 Rbf8 42. Rc4 Qd7 43. Rc6 f5 44. gxf5 gxf5 45.
Rxd6 Qe7 46. Nxf5 Rxf5 47. exf5 Qh4+ 48. Kg1 e4 49. f4 Qg3 50. Qb6 h5 51.
Rg6 Qh4 52. Rxg7+ Kxg7 53. Qg6+ 1-0

[Event "World Blitz 2023"]
[Site "Samarkand UZB"]
[Date "2023.12.29"]
[EventDate "2023.12.29"]
[Round "2.2"]
[Result "0-1"]
[White "Sabino Brunello"]
[Black "Vladislav Artemiev"]
[WhiteElo "2573"]
[BlackElo "2799"]
[PlyCount "46"]

1. c4 e5 2. g3 Nc6 3. Bg2 g6 4. Nc3 Bg7 5. Rb1 Nf6 6. b4 O-O 7. b5 Ne7 8.
e4 c6 9. Nge2 d5 10. bxc6 bxc6 11. exd5 cxd5 12. d4 exd4 13. Nxd4 Ba6 14.
O-O Bxc4 15. Re1 Re8 16. Qa4 Nf5 17. Rxe8+ Qxe8 18. Qxe8+ Rxe8 19. Be3 Nxe3
20. fxe3 Rxe3 21. Nd1 Re1+ 22. Kf2 Re8 23. Nc6 Ng4+ 0-1

[Event "World Blitz 2023"]
[Site "Samarkand UZB"]
[Date "2023.12.29"]
[EventDate "2023.12.29"]
[Round "2.4"]
[Result "0-1"]
[White "Levon Aronian"]
[Black "Robert Hovhannisyan"]
[WhiteElo "2772"]
[BlackElo "2570"]
[PlyCount "114"]

1. d4 d5 2. c4 e6 3. Nf3 Nf6 4. e3 Be7 5. Nc3 O-O 6. cxd5 exd5 7. Bd3 c6 8.
O-O Bg4 9. Qb3 Qb6 10. Ne5 Nbd7 11. f4 Qxb3 12. axb3 g6 13. h3 Bf5 14. Bxf5
gxf5 15. Ne2 Nxe5 16. fxe5 Ne4 17. Rxf5 f6 18. exf6 Rxf6 19. Rxf6 Bxf6 20.
Nc3 Nd6 21. Bd2 a6 22. Rf1 Bg7 23. Rf3 Re8 24. Kf1 h5 25. Be1 Kh7 26. Bg3
Ne4 27. Nxe4 dxe4 28. Rf7 Rf8 29. Rxf8 Bxf8 30. Bf4 Kg6 31. Kf2 Kf5 32. Kg3
Be7 33. h4 Bf6 34. Bd6 Bg7 35. Bf4 Bf6 36. Bh6 Be7 37. Kh3 Bb4 38. Bf4 Bd2
39. g4+ hxg4+ 40. Kg2 Kg6 41. Kg3 Kh5 42. Bg5 Be1+ 43. Kg2 Bxh4 44. Bf4 Be1
45. Kf1 Bb4 46. Bg3 Kg5 47. Kf2 Kh5 48. Kf1 Be7 49. Kg2 Bh4 50. Be5 Kg6 51.
Bd6 Kf5 52. Bc7 Ke6 53. Bf4 Kd5 54. Bg3 Bg5 55. Kf2 c5 56. dxc5 Kxc5 57.
Be5 Bh4+ 0-1

[Event "World Blitz 2023"]
[Site "Samarkand UZB"]
[Date "2023.12.29"]
[EventDate "2023.12.29"]
[Round "2.5"]
[Result "1-0"]
[White "Vadim Zvjaginsev"]
[Black "Haik M Martirosyan"]
[WhiteElo "2570"]
[BlackElo "2770"]
[PlyCount "128"]

1. d4 Nf6 2. Nf3 e6 3. c4 b6 4. Nc3 Bb4 5. Bd2 Bb7 6. a3 Bxc3 7. Bxc3 O-O
8. Rc1 Ne4 9. e3 d6 10. Bd3 Nd7 11. Bxe4 Bxe4 12. O-O h6 13. Qe2 Qe7 14.
Nd2 Bh7 15. f4 d5 16. e4 dxe4 17. Nxe4 Rfe8 18. Rce1 a5 19. Qf3 Rad8 20. d5
Qh4 21. g3 Qh3 22. Nf2 Qf5 23. g4 Qg6 24. dxe6 fxe6 25. h3 Rf8 26. Kh2 Qf7
27. Ne4 Bxe4 28. Rxe4 Nc5 29. Re3 Qg6 30. b4 axb4 31. axb4 Nd3 32. Qe4 Qxe4
33. Rxe4 Rd6 34. h4 Rf7 35. h5 Kf8 36. Kg3 c5 37. b5 Ra7 38. Ra1 Rxa1 39.
Bxa1 Nb4 40. g5 Nc2 41. Be5 Rd3+ 42. Kf2 Rd7 43. g6 Nb4 44. Kg3 Nd3 45. Bc3
Rd6 46. Re3 Nc1 47. Be5 Rd7 48. Bb8 Ke7 49. f5 Rd3 50. Rxd3 Nxd3 51. fxe6
Kxe6 52. Bc7 Ne5 53. Bxb6 Kd6 54. Bd8 Nxc4 55. Bf6 Ne3 56. Kf3 Nf5 57. Kf4
Ke6 58. Bc3 Nd4 59. Bxd4 cxd4 60. Ke4 d3 61. Kxd3 Kd5 62. Ke3 Kc5 63. Ke4
Kxb5 64. Kd5 1-0

[Event "World Blitz 2023"]
[Site "Samarkand UZB"]
[Date "2023.12.29"]
[EventDate "2023.12.29"]
[Round "2.7"]
[Result "1-0"]
[White "Richard Rapport"]
[Black "Daniel Dardha"]
[WhiteElo "2748"]
[BlackElo "2568"]
[PlyCount "70"]

1. Nf3 d5 2. g3 g6 3. Bg2 Bg7 4. O-O e5 5. d3 Nc6 6. Nc3 Nge7 7. e4 O-O 8.
exd5 Nxd5 9. Nxd5 Qxd5 10. Be3 Qd6 11. Nd2 Re8 12. Re1 b6 13. Ne4 Qe6 14.
Ng5 Qd7 15. Nxf7 Bb7 16. Ng5 h6 17. Ne4 Rf8 18. c3 Rad8 19. Nc5 bxc5 20.
Qb3+ Qf7 21. Qxb7 Nd4 22. Rac1 Rb8 23. Qxa7 Rxb2 24. cxd4 cxd4 25. Rxc7 Qf6
26. Rf1 dxe3 27. Qxe3 h5 28. a4 Kh8 29. a5 Ra2 30. Rc6 Qf7 31. a6 Kh7 32.
Be4 Bf6 33. Qf3 Qg7 34. Qxh5+ Kg8 35. Bd5+ 1-0

[Event "World Blitz 2023"]
[Site "Samarkand UZB"]
[Date "2023.12.29"]
[EventDate "2023.12.29"]
[Round "2.8"]
[Result "0-1"]
[White "Sanan Sjugirov"]
[Black "Anish Giri"]
[WhiteElo "2569"]
[BlackElo "2731"]
[PlyCount "122"]

1. Nf3 d5 2. e3 c5 3. b3 Nf6 4. Bb2 g6 5. c4 dxc4 6. Bxc4 Bg7 7. O-O O-O 8.
d4 cxd4 9. Nxd4 Bd7 10. Nd2 Nc6 11. N2f3 Rc8 12. Qe2 Nxd4 13. Bxd4 Qa5 14.
Rfd1 b5 15. Bd3 a6 16. Qb2 Bg4 17. a4 Qb4 18. axb5 Bxf3 19. gxf3 axb5 20.
Rdc1 Nh5 21. Rxc8 Rxc8 22. Bxg7 Nxg7 23. Qe5 Qxb3 24. Qxb5 Qc3 25. Rd1 Qf6
26. f4 Ne6 27. Be2 Nf8 28. Qe5 Qxe5 29. fxe5 g5 30. f4 gxf4 31. exf4 Ng6
32. Rd4 e6 33. Kf2 Rc3 34. Bd3 Kg7 35. Ke3 Ne7 36. Ra4 Rb3 37. Kd2 Rb2+ 38.
Bc2 Nd5 39. f5 exf5 40. Kc1 Rb5 41. Bxf5 Ne3 42. Bd3 Rxe5 43. Kd2 h6 44.
Ra1 Nd5 45. Rg1+ Rg5 46. Rh1 Rg2+ 47. Ke1 Nf4 48. Bf1 Rb2 49. Rg1+ Kf6 50.
Rg3 Rxh2 51. Rf3 Ke5 52. Re3+ Kd4 53. Re7 f5 54. Rd7+ Ke5 55. Re7+ Kf6 56.
Rh7 Ne6 57. Rh8 Ng5 58. Bd3 Ke5 59. Re8+ Kf4 60. Be2 Ne4 61. Bf1 Rh1 0-1

[Event "World Blitz 2023"]
[Site "Samarkand UZB"]
[Date "2023.12.29"]
[EventDate "2023.12.29"]
[Round "2.9"]
[Result "1-0"]
[White "Shakhriyar Mamedyarov"]
[Black "Maksim Chigaev"]
[WhiteElo "2716"]
[BlackElo "2561"]
[PlyCount "92"]

1. d4 Nf6 2. Bg5 g6 3. c4 Bg7 4. Nc3 d6 5. Nf3 O-O 6. Qd2 c5 7. d5 b5 8.
cxb5 a6 9. e4 axb5 10. Bxb5 Bg4 11. O-O Bxf3 12. gxf3 Nbd7 13. Rfe1 Ne5 14.
Be2 Qb6 15. f4 Ned7 16. Bf3 h6 17. Bh4 Qb4 18. Re2 Rfb8 19. Rae1 Qd4 20. a4
Rb4 21. Qc2 g5 22. fxg5 Ne5 23. Bg2 hxg5 24. Bxg5 Nd3 25. Rd1 c4 26. h3 Nd7
27. Bc1 N7c5 28. Kh1 Rab8 29. Nb5 Qf6 30. Na7 Rxb2 31. Bxb2 Rxb2 32. e5
Rxc2 33. exf6 Rxe2 34. Bf1 Nxf2+ 35. Kg1 Nxd1 36. Bxe2 Nc3 37. fxe7 Nxe2+
38. Kf1 Ng3+ 39. Kg2 Nge4 40. e8=Q+ Kh7 41. Qxf7 c3 42. Qf5+ Kh6 43. Nb5 c2
44. Qf4+ Ng5 45. Na3 Nd3 46. Qxd6+ 1-0

[Event "World Blitz 2023"]
[Site "Samarkand UZB"]
[Date "2023.12.29"]
[EventDate "2023.12.29"]
[Round "2.10"]
[Result "0-1"]
[White "Henriquez Villagra, Cristobal"]
[Black "Alexey Sarana"]
[WhiteElo "2568"]
[BlackElo "2707"]
[PlyCount "198"]

1. Nf3 d5 2. g3 g6 3. Bg2 Bg7 4. O-O e5 5. d3 Nc6 6. e4 Nge7 7. Nc3 d4 8.
Nd5 O-O 9. c4 dxc3 10. Nxc3 Bg4 11. h3 Bxf3 12. Qxf3 Nd4 13. Qd1 Qd7 14.
Be3 Rad8 15. Nd5 Nxd5 16. exd5 Nf5 17. Bc5 Rfe8 18. Qb3 b6 19. Be3 Nxe3 20.
fxe3 e4 21. dxe4 Be5 22. Rf3 Qe7 23. Raf1 Rf8 24. R1f2 Kg7 25. Bf1 Rd6 26.
Kg2 Rf6 27. Qa3 c5 28. Rxf6 Bxf6 29. Qd3 Be5 30. b3 h5 31. Qd1 h4 32. gxh4
Rh8 33. Qf3 Rxh4 34. d6 Bxd6 35. Bc4 f6 36. Bd5 Rh5 37. a4 Rg5+ 38. Kf1 Qe5
39. Rg2 Qa1+ 40. Kf2 Qb2+ 41. Kf1 Qc1+ 42. Kf2 Qd2+ 43. Kf1 Rxg2 44. Qxg2
Qxe3 45. Qg4 Bg3 46. Qe2 Qc3 47. Bc4 Be5 48. Qd3 Qc1+ 49. Ke2 Bd4 50. Kf3
Qh1+ 51. Ke2 Qg2+ 52. Kd1 Qf2 53. Qe2 Qg1+ 54. Kc2 Qh1 55. Qd3 Qg2+ 56. Kd1
Qf2 57. Qe2 Qf4 58. Qg4 Qd6 59. Qe6 Qf4 60. Qd7+ Kh6 61. Qg4 Qf2 62. Qe2
Qg3 63. Qg4 Qe3 64. Qh4+ Kg7 65. Qg4 Bc3 66. Qd7+ Kh6 67. Qd3 Qg1+ 68. Kc2
Bd4 69. Qf3 Qh2+ 70. Kd1 Be5 71. Be2 Qg1+ 72. Kc2 Qd4 73. Bc4 Qb2+ 74. Kd1
Qb1+ 75. Ke2 Qc2+ 76. Kf1 Qc1+ 77. Ke2 Bf4 78. Kf2 Qd2+ 79. Kf1 f5 80. exf5
gxf5 81. Bd3 Kg5 82. Qg2+ Qxg2+ 83. Kxg2 Bd2 84. Kf3 Be1 85. Bc2 Kf6 86.
Bd3 Ke5 87. Ke3 Bh4 88. Bc4 Bg5+ 89. Kf3 Kd4 90. Be6 Kc3 91. h4 Bh6 92. h5
a6 93. Bc4 b5 94. axb5 axb5 95. Bxb5 Kxb3 96. Bd3 f4 97. Ke2 c4 98. Be4 Kb2
99. Kf3 c3 0-1

[Event "World Blitz 2023"]
[Site "Samarkand UZB"]
[Date "2023.12.29"]
[EventDate "2023.12.29"]
[Round "2.11"]
[Result "1-0"]
[White "Raunak Sadhwani"]
[Black "Aydin Suleymanli"]
[WhiteElo "2668"]
[BlackElo "2553"]
[PlyCount "92"]

1. c4 Nf6 2. Nc3 e5 3. Nf3 Nc6 4. d3 d5 5. cxd5 Nxd5 6. e4 Nf6 7. h3 Bc5 8.
Be3 Bb6 9. Be2 O-O 10. O-O Re8 11. Rc1 h6 12. Qd2 Nh7 13. Bd1 Nd4 14. Bxd4
exd4 15. Nd5 c6 16. Nxb6 axb6 17. Bb3 Be6 18. Bxe6 fxe6 19. a3 e5 20. Nh2
Rf8 21. f4 exf4 22. Rxf4 Rxf4 23. Qxf4 Qg5 24. Rf1 Qxf4 25. Rxf4 Nf8 26.
Rf2 Ne6 27. Nf3 Ra5 28. g3 Rc5 29. h4 Kh7 30. Kg2 Rc1 31. Ne5 Rd1 32. h5
Rb1 33. b4 Rb3 34. Rf7 Rxa3 35. Rxb7 Ra2+ 36. Kh3 Rf2 37. Rxb6 Ng5+ 38. Kg4
Rb2 39. Ng6 Kg8 40. Ne7+ Kf8 41. Nxc6 Rb3 42. Kf5 Ke8 43. Ne5 Rb1 44. Kg6
Rg1 45. g4 Rg3 46. Kxg7 1-0

[Event "World Blitz 2023"]
[Site "Samarkand UZB"]
[Date "2023.12.29"]
[EventDate "2023.12.29"]
[Round "2.12"]
[Result "1-0"]
[White "S L Narayanan"]
[Black "AR Saleh Salem"]
[WhiteElo "2564"]
[BlackElo "2668"]
[PlyCount "106"]

1. d4 Nf6 2. c4 g6 3. Nc3 Bg7 4. e4 d6 5. Nf3 O-O 6. Be2 e5 7. O-O Nc6 8.
d5 Ne7 9. b4 Nh5 10. Re1 f5 11. a4 Nf6 12. Bd3 h6 13. a5 a6 14. Ba3 Kh8 15.
Nd2 Rb8 16. c5 fxe4 17. Ndxe4 Nf5 18. cxd6 cxd6 19. b5 Nxe4 20. Nxe4 axb5
21. Bxb5 Ra8 22. Bb4 Rf7 23. Bd3 Bf8 24. Ng3 Bg7 25. Rc1 Bd7 26. Nxf5 gxf5
27. Bxd6 e4 28. Bc7 Qg5 29. Bf1 Re8 30. f4 exf3 31. Qxf3 Bd4+ 32. Kh1 Be3
33. Rc3 Bd4 34. Rxe8+ Bxe8 35. Rc4 Bg7 36. Bf4 Qd8 37. d6 Bc6 38. Qh5 Bd5
39. Rc5 Be6 40. Bxh6 Kg8 41. Bf4 Bf6 42. Rc7 Rg7 43. Qe2 Bd5 44. Qb5 Be4
45. Qc4+ Kh7 46. Rxg7+ Bxg7 47. Qc7 Qh4 48. d7 Bxg2+ 49. Kxg2 Qg4+ 50. Kf2
Bd4+ 51. Ke1 Qh4+ 52. Kd1 Qg4+ 53. Kc2 1-0

[Event "World Blitz 2023"]
[Site "Samarkand UZB"]
[Date "2023.12.29"]
[EventDate "2023.12.29"]
[Round "2.13"]
[Result "1-0"]
[White "R Praggnanandhaa"]
[Black "Mahammad Muradli"]
[WhiteElo "2665"]
[BlackElo "2551"]
[PlyCount "94"]

1. e4 c5 2. Nf3 d6 3. Nc3 a6 4. d4 cxd4 5. Qxd4 Nc6 6. Qe3 Bg4 7. h3 Bxf3
8. Qxf3 g6 9. Bd3 Bg7 10. O-O Nf6 11. Qd1 O-O 12. Nd5 Nd7 13. c3 e6 14. Ne3
Nc5 15. Bc2 Qe7 16. Qe2 b5 17. a3 Rab8 18. Bd2 Rfd8 19. b4 Nd7 20. a4 d5
21. axb5 axb5 22. exd5 exd5 23. Ra6 Rdc8 24. Qd1 d4 25. Nd5 Qd8 26. Re1 Nb6
27. Nxb6 Rxb6 28. Rxb6 Qxb6 29. cxd4 Bxd4 30. Qe2 Ne5 31. Bb3 Nc4 32. Bh6
Qc6 33. Bxc4 bxc4 34. b5 Qxb5 35. Qg4 Rd8 36. Bg5 Rd5 37. Qc8+ Kg7 38. Be7
Kh6 39. Qf8+ Bg7 40. Qxf7 Rf5 41. Qe6 Qb2 42. Rf1 Qe5 43. Qd7 c3 44. Ba3
Qd4 45. Bc1+ Kh5 46. g4+ Kh4 47. Qxd4 1-0

[Event "World Blitz 2023"]
[Site "Samarkand UZB"]
[Date "2023.12.29"]
[EventDate "2023.12.29"]
[Round "2.14"]
[Result "0-1"]
[White "V Pranav"]
[Black "Teimour Radjabov"]
[WhiteElo "2562"]
[BlackElo "2664"]
[PlyCount "88"]

1. e4 e5 2. Nf3 Nc6 3. Bb5 Nf6 4. d3 d6 5. c4 Be7 6. Nc3 O-O 7. Be3 a6 8.
Ba4 Bd7 9. h3 Rb8 10. O-O h6 11. a3 Re8 12. Re1 Bf8 13. Rc1 Nh7 14. b4 Ng5
15. Nxg5 hxg5 16. Qh5 f6 17. b5 Ne7 18. Bb3 g6 19. Qf3 Bg7 20. d4 exd4 21.
Bxd4 Rf8 22. c5+ Kh7 23. a4 axb5 24. axb5 Ra8 25. cxd6 cxd6 26. Nd5 Nxd5
27. Bxd5 Bxb5 28. Bxb7 Rb8 29. Bd5 Bd7 30. Qg3 Rb4 31. Bc3 Rb8 32. Qxd6 Be8
33. Qg3 Bf7 34. Red1 Bxd5 35. Rxd5 Qe7 36. Qf3 Rbc8 37. Rcd1 Rc4 38. R5d4
Rxd4 39. Rxd4 f5 40. e5 Qc5 41. Rd7 Kh6 42. h4 gxh4 43. Qf4+ g5 44. Rd6+
Qxd6 0-1

[Event "World Blitz 2023"]
[Site "Samarkand UZB"]
[Date "2023.12.29"]
[EventDate "2023.12.29"]
[Round "2.15"]
[Result "1-0"]
[White "Van Foreest, Jorden"]
[Black "Pavel Ponkratov"]
[WhiteElo "2664"]
[BlackElo "2547"]
[PlyCount "100"]

1. e4 e6 2. d4 d5 3. Nc3 Bb4 4. e5 c5 5. a3 Bxc3+ 6. bxc3 Nc6 7. Qg4 g6 8.
h4 Qa5 9. Bd2 Qa4 10. h5 Qxc2 11. hxg6 fxg6 12. Nf3 Nge7 13. Rc1 Qf5 14.
Qxf5 Nxf5 15. dxc5 O-O 16. Bg5 b6 17. Bf6 bxc5 18. g4 Nd6 19. Ng5 Ne4 20.
Nxe4 dxe4 21. Rd1 Rb8 22. Bc4 Na5 23. Be2 Rb3 24. Be7 Re8 25. Bxc5 Nc6 26.
Bd6 Rxc3 27. O-O Rd8 28. Bb5 Bb7 29. Rc1 Rxc1 30. Rxc1 Nd4 31. Bf1 Rc8 32.
Rxc8+ Bxc8 33. Kg2 Bb7 34. Kg3 a6 35. Kf4 Kf7 36. Bc4 h6 37. a4 g5+ 38. Ke3
Nf3 39. a5 Nh4 40. Kd4 Ng2 41. Kc5 e3 42. Kb6 Bd5 43. Bxd5 e2 44. Bb4 exd5
45. Kxa6 e1=Q 46. Bxe1 Nxe1 47. Kb5 Nc2 48. a6 Nd4+ 49. Kb6 Nf3 50. a7 1-0

[Event "World Blitz 2023"]
[Site "Samarkand UZB"]
[Date "2023.12.29"]
[EventDate "2023.12.29"]
[Round "2.16"]
[Result "1-0"]
[White "Parham Maghsoodloo"]
[Black "Evgeniy Najer"]
[WhiteElo "2660"]
[BlackElo "2545"]
[PlyCount "64"]

1. c4 e5 2. Nc3 Nf6 3. Nf3 Nc6 4. g3 d5 5. cxd5 Nxd5 6. Bg2 Bc5 7. O-O O-O
8. d3 h6 9. Nxd5 Qxd5 10. Bd2 a5 11. a3 Qd6 12. Qc2 Bg4 13. Rac1 Bb6 14.
Be3 a4 15. Bc5 Bxc5 16. Qxc5 Ra5 17. Qc3 Rfa8 18. Rfe1 Be6 19. Nd2 Bd5 20.
Nc4 Bxc4 21. Qxc4 R8a6 22. e3 Rb6 23. Re2 Rab5 24. Rcc2 Rb3 25. Be4 Ra6 26.
h4 Kf8 27. Red2 Ke7 28. Bd5 b5 29. Qe4 f5 30. Qf3 Rxd3 31. Rxd3 e4 32. Bxe4
1-0

[Event "World Blitz 2023"]
[Site "Samarkand UZB"]
[Date "2023.12.29"]
[EventDate "2023.12.29"]
[Round "2.19"]
[Result "1/2-1/2"]
[White "Ter-Sahakyan, Samvel"]
[Black "Santosh Gujrathi Vidit"]
[WhiteElo "2556"]
[BlackElo "2642"]
[PlyCount "46"]

1. e4 e5 2. Nf3 Nc6 3. Bb5 Nf6 4. O-O Nxe4 5. Re1 Nd6 6. Nxe5 Be7 7. Bf1
Nxe5 8. Rxe5 O-O 9. d4 Bf6 10. Re1 Re8 11. Rxe8+ Nxe8 12. c3 d5 13. Bf4 c6
14. a4 a5 15. Nd2 Nd6 16. Bd3 Bf5 17. Bxf5 Nxf5 18. Qb3 Qd7 19. Re1 Nh4 20.
Bg3 Nf5 21. Bf4 Nh4 22. Bg3 Nf5 23. Bf4 1/2-1/2

[Event "World Blitz 2023"]
[Site "Samarkand UZB"]
[Date "2023.12.29"]
[EventDate "2023.12.29"]
[Round "2.20"]
[Result "0-1"]
[White "Maxim Matlakov"]
[Black "Johan-Sebastian Christiansen"]
[WhiteElo "2638"]
[BlackElo "2541"]
[PlyCount "64"]

1. d4 Nf6 2. c4 c5 3. d5 b5 4. cxb5 a6 5. e3 e6 6. Nc3 exd5 7. Nxd5 Bb7 8.
Nc3 Be7 9. Nf3 O-O 10. Be2 axb5 11. Nxb5 d5 12. O-O Ne4 13. Nc3 Nxc3 14.
bxc3 Bf6 15. Qc2 Nc6 16. Rb1 Qc7 17. Rd1 Rfd8 18. a4 c4 19. h3 Ne5 20. Nd4
Ra5 21. Ba3 Rda8 22. Nb5 Qc6 23. Nd6 Rxa4 24. Bb4 d4 25. Nxb7 d3 26. Qd2
dxe2 27. Qxe2 Qxb7 28. Bd6 Qc6 29. Bxe5 Bxe5 30. Qh5 Bxc3 31. Rb5 g6 32.
Qg5 Bf6 0-1

[Event "World Blitz 2023"]
[Site "Samarkand UZB"]
[Date "2023.12.29"]
[EventDate "2023.12.29"]
[Round "2.21"]
[Result "0-1"]
[White "Denis Khismatullin"]
[Black "Aleksandar Indjic"]
[WhiteElo "2552"]
[BlackElo "2631"]
[PlyCount "68"]

1. d4 Nf6 2. Nf3 e6 3. c4 c5 4. d5 d6 5. Nc3 exd5 6. cxd5 g6 7. h3 Bg7 8.
Bf4 O-O 9. e3 Ne8 10. Be2 Nd7 11. O-O Ne5 12. a4 Nxf3+ 13. Bxf3 Rb8 14. Be2
a6 15. Qd2 Nc7 16. Rab1 b5 17. axb5 axb5 18. e4 b4 19. Nd1 Re8 20. Bf3 Ba6
21. Re1 Nb5 22. Ra1 Rb6 23. Ne3 Nd4 24. Qd1 h5 25. Ra2 Bb5 26. b3 Qf6 27.
h4 Qxf4 28. Ra7 Qxh4 29. Nc2 Nxc2 30. Qxc2 Qf4 31. Qb2 Ra6 32. Rxa6 Bxa6
33. Qa2 Bd3 34. Qa4 0-1